Library Banner

Political communication and social theory (Record no. 49590)

MARC details
000 -LEADER
fixed length control field 00463nam a2200181Ia 4500
001 - CONTROL NUMBER
control field 52124
008 - FIXED-LENGTH DATA ELEMENTS--GENERAL INFORMATION
fixed length control field 140503s9999 xx 000 0 und d
020 ## - INTERNATIONAL STANDARD BOOK NUMBER
International Standard Book Number 9780415547123
040 ## - CATALOGING SOURCE
Transcribing agency PK-LaUMT
082 ## - DEWEY DECIMAL CLASSIFICATION NUMBER
Classification number R 320.014
Item number DAV-P
100 ## - MAIN ENTRY--PERSONAL NAME
Personal name Davis, Aeron
245 ## - TITLE STATEMENT
Title Political communication and social theory
Statement of responsibility, etc Davis, Aeron
260 ## - PUBLICATION, DISTRIBUTION, ETC. (IMPRINT)
Place of publication, distribution, etc London,UK:
Name of publisher, distributor, etc Routledge,
Date of publication, distribution, etc 2010
300 ## - PHYSICAL DESCRIPTION
Extent 196 p.
546 ## - LANGUAGE NOTE
Language note EN
650 ## - SUBJECT ADDED ENTRY--TOPICAL TERM
Topical term or geographic name as entry element Communication in politics
942 ## - ADDED ENTRY ELEMENTS (KOHA)
Koha item type Books
Holdings
Withdrawn status Lost status Damaged status Not for loan Home library Current library Date acquired Total Checkouts Full call number Barcode Date last seen Price effective from Koha item type
        UMT Main Campus UMT Main Campus 2014-05-03   R 320.014 DAV-P 62103 2014-05-08 2014-05-08 Books